| 000 | 00452pab a2200145 454500 | ||
|---|---|---|---|
| 008 | 180718b1985 xxu||||| |||| 00| 0 eng d | ||
| 100 | _aMontasser, Essam | ||
| 245 |
_aAfrican multinational enterprises _bTowards a new model of economic cooperation and development |
||
| 260 | _c1985 | ||
| 300 | _a349-58 | ||
| 362 | _aDec. | ||
| 650 | _aInternational Business Enterprises - Africa | ||
| 773 | _aProblems of International Cooperation | ||
| 909 | _a11202 | ||
| 999 |
_c11202 _d11202 |
||